Levent ve arkadaşları / (Record no. 23519)

MARC details
000 -BAŞLIK
Sabit Uzunluktaki Kontrol Alanı 00665nam a22002057a 4500
003 - KONTROL NUMARASI KİMLİĞİ
Kontrol Alanı koha_MIRAKIL
005 - EN SON İŞLEM TARİHİ ve ZAMANI
Kontrol Alanı 20260417153847.0
008 - SABİT UZUNLUKTAKİ VERİ ÖGELERİ - GENEL BİLGİ
Sabit Alan 260417b tur||||| |||| 00| 0 tur d
020 ## - ISBN - ULUSLARARASI STANDART KİTAP NUMARASI
Isbn 9786050828924
040 ## - KATALOGLAMA KAYNAĞI
Özgün Kataloglama Kurumu TR-IsEVY
Kataloglama Dili tur
Çeviri Kurumu TR-IsEVY
082 ## - DEWEY ONU SINIFLAMA SİSTEMİ
Sınıflama Numarası FIC ORA/L
100 ## - KİŞİ ADI
Yazar Adı (Kişi adı) Orakçı, Mustafa
245 #0 - ESER ADI BİLDİRİMİ
Başlık Levent ve arkadaşları /
Sorumluluk Bildirimi Mustafa Orakçı ; resimleyen Derya Işık Özbay.
260 ## - YAYIN, DAĞITIM, VB.
Yayın Yeri İstanbul :
Yayınevi Timaş Yayınları,
Yayın Tarihi 2018.
300 ## - FİZİKSEL TANIMLAMA
Sayfa, Cilt vb. 24 s. :
Diğer fiziki detaylar renkli resimli ;
Boyutları 21 cm.
490 0# - DİZİ BİLDİRİMİ
Dizi Bildirimi İlk Okuma Kitaplarım ; 3.
650 ## - KONU BAŞLIĞI EK GİRİŞ - KONU TERİMİ
Konusal terim veya coğrafi ad Çocuk Edebiyatı.
Alt başlık biçimi Resimli Kitaplar.
700 1# - EK GİRİŞ - KİŞİ ADI
Yazar Adı (Kişi adı) Özbay, Derya Işık.
Ünvan resimleyen.
942 ## - EK GİRİŞ ÖGELERİ (KOHA)
Source of classification or shelving scheme Dewey Decimal Classification
Koha item type Kitap
Holdings
Kayıp Durumu Sınıflandırma Kaynağı Hasarlı Durumu Koleksiyon Kodu Kalıcı Konum Mevcut Konum Kayıt Tarih Edinim Kaynağı Toplam Ödünçverme Yer Numarası Demirbaş Numarası Son Görülme Tarihi Fatura Tarihi Materyal Türü
  Dewey Decimal Classification   İlkokul İLKOKUL KÜTÜPHANESİ İLKOKUL KÜTÜPHANESİ 17/04/2026 Bağış   FIC ORA/L 25130 17/04/2026 17/04/2026 Kitap